Western Reserve university centennial history of the School of medicine, (Record no. 90732)

MARC details
000 -LEADER
fixed length control field 00807cam a22002171 4500
001 - CONTROL NUMBER
control field sg 46000095
003 - CONTROL NUMBER IDENTIFIER
control field DLC
005 - DATE AND TIME OF LATEST TRANSACTION
control field 20260227112748.0
008 - FIXED-LENGTH DATA ELEMENTS--GENERAL INFORMATION
fixed length control field 740227s1946 ohucfh b 000 0 eng c
010 ## - LIBRARY OF CONGRESS CONTROL NUMBER
LC control number sg 46000095
035 ## - SYSTEM CONTROL NUMBER
System control number (OCoLC)816068
040 ## - CATALOGING SOURCE
Original cataloging agency U.S. Surg.-gen. off. Libr.
Transcribing agency OTU
Modifying agency OCoLC
-- WU-M
-- DLC
050 00 - LIBRARY OF CONGRESS CALL NUMBER
Classification number R747.W62
Item number W3
082 ## - DEWEY DECIMAL CLASSIFICATION NUMBER
Classification number 610.711771
100 1# - MAIN ENTRY--PERSONAL NAME
Personal name Waite, Frederick C.
Fuller form of name (Frederick Clayton),
Dates associated with a name 1870-1956.
245 00 - TITLE STATEMENT
Title Western Reserve university centennial history of the School of medicine,
Statement of responsibility, etc. by Frederick Clayton Waite ...
260 ## - PUBLICATION, DISTRIBUTION, ETC.
Place of publication, distribution, etc. Cleveland,
Name of publisher, distributor, etc. Western Reserve University Press,
Date of publication, distribution, etc. 1946.
300 ## - PHYSICAL DESCRIPTION
Extent xiii, 588 p.
Other physical details front., plates, ports., facsim.
Dimensions 24 cm.
504 ## - BIBLIOGRAPHY, ETC. NOTE
Bibliography, etc. note "References" at end of each chapter.
610 20 - SUBJECT ADDED ENTRY--CORPORATE NAME
Corporate name or jurisdiction name as entry element Western Reserve University.
Subordinate unit School of Medicine.

No items available.

Powered by Koha